| 000 | 004440000a22001810004500 | ||
|---|---|---|---|
| 003 | MACL | ||
| 005 | 20150729152750.0 | ||
| 008 | 150729b xxu||||| |||| 00| 0 eng d | ||
| 040 |
_aMACL _cMACL |
||
| 041 | _aEnglish | ||
| 082 | _a340/BHA | ||
| 100 |
_aBharti, Dr Dalbir _93243 |
||
| 245 | _aWomen and the Law | ||
| 260 |
_bA P H Publishing Corporation _c2008 _aNew Delhi |
||
| 350 | _a600 | ||
| 650 |
_aLaw _93244 |
||
| 942 |
_cBK _k340/BHA _2ddc |
||
| 999 |
_c41819 _d41819 |
||